000 01150nam a2200373 i 4500
001 00336
003 DO-SdBNP
005 20180216143527.0
007 00336
008 921124s1988 sp | a | | spa d
016 7 _a
_z
_2BPMSU
017 _a
_b
020 _a8434813092
035 _a(OCoLC)
040 _aBPMSU
_bspa
_cBPMSU
080 4 _a
082 _a863.6
_bA448u 1988
100 1 _aAlmena, Fernando
_d1943-
245 1 3 _aUn solo de clarinete /
_cFernando Almena; ilustraciones, Margarita Puncel.
_h
250 _a7a. ed.
260 _aMadrid :
_bSM,
_c1988.
300 _a107 p. :
_bil. ;
_c19 cm
490 1 _aEl barco de vapor ;
_aSerie Naranja
_v68.
500 _aA partir de 9 años
586 _aPremio El barco de vapor 1983
586 _aPremio Nacional a la mejor labor editorial en literatura infantil 1982
650 _aCUENTOS INFANTILES ESPAÑOLES
650 _aLITERATURA INFANTIL ESPAÑOLA
700 1 2 _aPuncel, Margarita,
_eil.
830 3 _aEl barco de vapor
_v68
_rSerie naranja
942 _2ddc
_cBK
945 _aInventariado, 2018 /LP
956 _a VMATEO
_b10
_c 20161123
_dBPMSU
_f0069
999 _c12120
_d12120